000
00260nam a2200109Ia 4500
008
231212s1967 xx 000 0 und d
041
_a
eng
082
_a
621.38173
100
_a
Marcovitz A.B.
245
_a
An Introduction to
260
_a
London
_b
Tata Mc
_c
1967
999
_c
958366
_d
958366